000 00269nam a2200109Ia 4500
008 170627s9999 xx 000 0 und d
100 _aHERSEY- PAUL
245 0 _aMANAGEMENT OF ORGANIZATIONAL BEHAVIOUR
260 _bPHI
260 _c2005
546 _aENGLISH
690 _aORGANIZATIONAL BEHAVIOUR
999 _c35312
_d35312